<?xml version="1.0" encoding="UTF-8"?>
<record
    xmlns:xsi="http://www.w3.org/2001/XMLSchema-instance"
    xsi:schemaLocation="http://www.loc.gov/MARC21/slim http://www.loc.gov/standards/marcxml/schema/MARC21slim.xsd"
    xmlns="http://www.loc.gov/MARC21/slim">

  <leader>02607cam a2200337 a 4500</leader>
  <controlfield tag="003">EG-GiCUC</controlfield>
  <controlfield tag="005">20250223032148.0</controlfield>
  <controlfield tag="008">190114s2018    ua dhb f m    000 0 eng d</controlfield>
  <datafield tag="040" ind1=" " ind2=" ">
    <subfield code="a">EG-GiCUC</subfield>
    <subfield code="b">eng</subfield>
    <subfield code="c">EG-GiCUC</subfield>
  </datafield>
  <datafield tag="041" ind1="0" ind2=" ">
    <subfield code="a">eng</subfield>
  </datafield>
  <datafield tag="049" ind1=" " ind2=" ">
    <subfield code="a">Deposite </subfield>
  </datafield>
  <datafield tag="097" ind1=" " ind2=" ">
    <subfield code="a">M.Sc </subfield>
  </datafield>
  <datafield tag="099" ind1=" " ind2=" ">
    <subfield code="a">Cai01.13.01.M.Sc.2018.Na.O</subfield>
  </datafield>
  <datafield tag="100" ind1="0" ind2=" ">
    <subfield code="a">Nashaat Gad Abdalla Gad </subfield>
  </datafield>
  <datafield tag="245" ind1="1" ind2="0">
    <subfield code="a">Optical and microphysical characteristics of aerosols over Egypt from nasa{u2019}ssatellites (2003-2014) / </subfield>
    <subfield code="c">Nashaat Gad Abdalla Gad ; Supervised Mohamed Bahai Eldeen Argoun , Mohammed Elsayed Shokr </subfield>
  </datafield>
  <datafield tag="246" ind1="1" ind2="5">
    <subfield code="a">&#x627;&#x644;&#x62E;&#x635;&#x627;&#x626;&#x635; &#x627;&#x644;&#x628;&#x635;&#x631;&#x64A;&#x629; &#x648;&#x627;&#x644;&#x645;&#x64A;&#x643;&#x631;&#x648;&#x641;&#x64A;&#x632;&#x64A;&#x642;&#x64A;&#x629; &#x644;&#x644;&#x647;&#x628;&#x627;&#x621; &#x627;&#x644;&#x62C;&#x648;&#x64A; &#x639;&#x644;&#x64A; &#x645;&#x635;&#x631; &#x645;&#x646; &#x642;&#x64A;&#x627;&#x633;&#x627;&#x62A; &#x627;&#x644;&#x623;&#x642;&#x645;&#x627;&#x631; &#x627;&#x644;&#x635;&#x646;&#x627;&#x639;&#x64A;&#x629; &#x641;&#x649; &#x627;&#x644;&#x641;&#x62A;&#x631;&#x629; &#x645;&#x646; &#x662;&#x660;&#x660;&#x663; &#x625;&#x644;&#x649; &#x662;&#x660;&#x661;&#x664;</subfield>
  </datafield>
  <datafield tag="260" ind1=" " ind2=" ">
    <subfield code="a">Cairo : </subfield>
    <subfield code="b">Nashaat Gad Abdalla Gad , </subfield>
    <subfield code="c">2018</subfield>
  </datafield>
  <datafield tag="300" ind1=" " ind2=" ">
    <subfield code="a">134 P. : </subfield>
    <subfield code="b">charts , facsimiles , maps ; </subfield>
    <subfield code="c">30cm </subfield>
  </datafield>
  <datafield tag="502" ind1=" " ind2=" ">
    <subfield code="a">Thesis (M.Sc.) - Cairo University - Faculty of Engineering - Department of Aerospace Engineering</subfield>
  </datafield>
  <datafield tag="520" ind1=" " ind2=" ">
    <subfield code="a">The main objective of this thesis is to develop the knowledge of usages of remote sensing data for monitoring aerosols (pollutants) over Egypt. This has been achieved by addressing the following items: -Acquiring daily-average aerosol data from two space-borne sensors: NASA{u2019}s MODIS and MISR as well as the ground-based AERONET station in Cairo over 12-year period (2003-2014).-Inter-comparison of derived aerosol optical parameters from the three data sources, MODIS, MISR and AERONET station in Cairo, for the purpose validating MODIS and MISR Aerosol products, considering AERONET data as being truth data- determining aerosols optical and microphysical characteristics from three data sets.- Identify spatial and seasonal patterns of aerosols optical parameters over five selected cities: Alexandria, Cairo, Asyut, Hurghada and Aswan as well as two regions: Western Desert and Nile Delta then the entire country. -Using the available optical properties as proxy indictor of aerosol types. Approximate aerosol type maps are generated - Identifying days of severe events (high aerosol loading) during the study period (2003-2014) and identify the aerosols type(s) that characterize these events</subfield>
  </datafield>
  <datafield tag="530" ind1=" " ind2=" ">
    <subfield code="a">Issued also as CD</subfield>
  </datafield>
  <datafield tag="653" ind1=" " ind2="4">
    <subfield code="a">Aerosols </subfield>
  </datafield>
  <datafield tag="653" ind1=" " ind2="4">
    <subfield code="a">Aerosols types </subfield>
  </datafield>
  <datafield tag="653" ind1=" " ind2="4">
    <subfield code="a">Remote Sensing </subfield>
  </datafield>
  <datafield tag="700" ind1="0" ind2=" ">
    <subfield code="a">Mohamed Bahai Eldeen Argoun , </subfield>
    <subfield code="e">Supervisor </subfield>
  </datafield>
  <datafield tag="700" ind1="0" ind2=" ">
    <subfield code="a">Mohammed Elsayed Shokr , </subfield>
    <subfield code="e">Supervisor </subfield>
  </datafield>
  <datafield tag="856" ind1=" " ind2=" ">
    <subfield code="u">http://172.23.153.220/th.pdf</subfield>
  </datafield>
  <datafield tag="905" ind1=" " ind2=" ">
    <subfield code="a">Nazla</subfield>
    <subfield code="e">Revisor</subfield>
  </datafield>
  <datafield tag="905" ind1=" " ind2=" ">
    <subfield code="a">Shimaa</subfield>
    <subfield code="e">Cataloger</subfield>
  </datafield>
  <datafield tag="942" ind1=" " ind2=" ">
    <subfield code="2">ddc</subfield>
    <subfield code="c">TH</subfield>
  </datafield>
  <datafield tag="999" ind1=" " ind2=" ">
    <subfield code="c">69560</subfield>
    <subfield code="d">69560</subfield>
  </datafield>
  <datafield tag="952" ind1=" " ind2=" ">
    <subfield code="2">ddc</subfield>
    <subfield code="7">0</subfield>
    <subfield code="a">CUCL</subfield>
    <subfield code="b">cl210</subfield>
    <subfield code="d">2024-02-11</subfield>
    <subfield code="o">Cai01.13.01.M.Sc.2018.Na.O</subfield>
    <subfield code="p">01010110076829000</subfield>
    <subfield code="r">2023-09-22 00:00:00</subfield>
    <subfield code="y">TH</subfield>
  </datafield>
  <datafield tag="952" ind1=" " ind2=" ">
    <subfield code="2">ddc</subfield>
    <subfield code="7">0</subfield>
    <subfield code="a">CUCL</subfield>
    <subfield code="b">cl2u8</subfield>
    <subfield code="d">2024-02-11</subfield>
    <subfield code="o">Cai01.13.01.M.Sc.2018.Na.O</subfield>
    <subfield code="p">01020110076829000</subfield>
    <subfield code="r">2023-09-22 00:00:00</subfield>
    <subfield code="t">76829.CD     </subfield>
    <subfield code="y">CD</subfield>
  </datafield>
</record>
